Normal view
MARC view
Entry Personal Name
001 - CONTROL NUMBER
- control field: 83641
003 - CONTROL NUMBER IDENTIFIER
- control field: dpl
005 - DATE AND TIME OF LATEST TRANSACTION
- control field: 20250801161208.0
008 - FIXED-LENGTH DATA ELEMENTS
- fixed length control field: 250801|| aca||aabn | a|a d
040 ## - CATALOGING SOURCE
- Original cataloging agency: dpl
- Transcribing agency: dpl
100 ## - HEADING--PERSONAL NAME
- Personal name: R. Princee
670 ## - SOURCE DATA FOUND
- Source citation: Work cat.: (dpl)212817: Urban Voices and Rural Whispers:, 2025
